000 00838nam a2200253 i 4500
003 OSt
005 20210421121207.0
008 210421b xx a g 000 0 may d
040 _aPPAK
_beng
_cPPAK
_erda
082 0 4 _223
_a793.8
090 0 0 _a793.8
_bSEP
_dKHR
245 0 0 _a10 RAHSIA SILAP MATA = 10 SECRET OF MAGIC /
_cEDITED BY HASMY NOOR
246 3 0 _aSepuluh rahsia silap mata
246 3 0 _a10 種 魔 術 影
264 _a[place of publication not identified] :
_b[place of publication not identified],
_c[date of publication not identified]
300 _a23 pages :
_billustrations ;
_c21 cm
336 _2rdacontent
_atext
337 _2rdamedia
_aunmediated
338 _2rdacarrier
_avolume
546 _aText in Malay, English and Chinese
650 1 0 _aMagic trick
700 0 _aHasmy Noor,
_eeditor.
942 _2ddc
_cB
999 _c183587
_d183587